01154nam a2200193Ia 4500001001100000003001000011008004100021040002500062041001300087100002100100245005000121250001100171260008500182300001200267500026200279501011400541520026200655650004300917L966-45162IT-CnALBA170116s9999||||xx |||||||||||||| ||und|| aIT-CnALBAcIT-CnALBA aITALIANO aDI LEVA GIUSEPPE 0aFIRENZE. CRONACA DEL DILUVIO. NOVEMBRE 1966.  a1a ed. a FIRENZEbLE LETTERE CASA EDITR. c1996 [1° Ed.:1996 - Ed.Ling.Originale: 1996] a127 p.  aINONDAZIONE DI FIRENZE NEL 1966. PIENA ANNUNZIATA? PRIMI SOCCORSI. AUTORITÀ. CAPO DELLO STATO. IMPORTANZA E SMARRIMENTO. DIBATTITO A MONTECITORIO. FIDUCIA, NON ELEMOSINE. RESPONSABILITÀ. VISITA DEL PAPA. SUBRI R. SEQUI S. PACHI M. FEDERICI G. FILENO R.  aSocietà San Paolo EM - Piazza San Paolo, 14 - 12051 ALBA (CN) (non commercial uses only) ® Copyright 2017 aINONDAZIONE DI FIRENZE NEL 1966. PIENA ANNUNZIATA? PRIMI SOCCORSI. AUTORITÀ. CAPO DELLO STATO. IMPORTANZA E SMARRIMENTO. DIBATTITO A MONTECITORIO. FIDUCIA, NON ELEMOSINE. RESPONSABILITÀ. VISITA DEL PAPA. SUBRI R. SEQUI S. PACHI M. FEDERICI G. FILENO R.  aMONOGRAFIE STOR. DI LOCAL. ITAL.-ESTER